Globálne otepľovanie

Z obsahu: Globálne oteplenie alebo globálne pomätenie. Polemika o vplyve človeka na prírodu je emocionálna. Problémy a omyly správ o ekonomických dôsledkoch globálneho otepľovania. Tvorba skleníkových plynov. Čo o hrozbách hovoria hraničné náklady. Kjótsky protokol. Veľká politika malých šancí. Drah...

Full description

Saved in:
Bibliographic Details
Format: Book Chapter
Language:Slovak
Subjects:
Tags: Add Tag
No Tags, Be the first to tag this record!

MARC

LEADER 00000naa$a2200000$$$4500
001 0051842
005 20231009072908.4
041 0 |a slo 
044 |a SK 
245 1 0 |a Globálne otepľovanie 
520 |a Z obsahu: Globálne oteplenie alebo globálne pomätenie. Polemika o vplyve človeka na prírodu je emocionálna. Problémy a omyly správ o ekonomických dôsledkoch globálneho otepľovania. Tvorba skleníkových plynov. Čo o hrozbách hovoria hraničné náklady. Kjótsky protokol. Veľká politika malých šancí. Drahá a ťažko dostupná alternatíva. 
610 2 0 |a efekt skleníkový 
610 2 0 |a emisie 
610 2 0 |a ochrana prostredia životného 
610 2 0 |a ochrana prírody 
610 2 0 |a ekonomika environmentálna 
610 2 0 |a teplo